000 00670nam a2200217Ia 4500
001 19278
003 GE_BSU
008 181216s||||||||xx |||||||||||||| ||und||
040 _cGE_BSU
245 _aНефтегазовые технологии. № 2 Февраль 2016
245 _bНаучно-технический журнал
245 _cГл. ред. А.В. Миронова
260 _aМосква
260 _bНаука
260 _c2016
300 _a86 стр. 29 см. илл.
300 _e+1CD
653 _aНефтегазовые технологии. № 2 Февраль 2016
653 _aპერიოდიკა
942 _cCR
999 _c52269
_d52269